| 000 | 00821nam a2200229Ia 4500 | ||
|---|---|---|---|
| 003 | GCL | ||
| 008 | 140319s9999 xx 000 0 ara d | ||
| 040 |
_aGCL / _cGCL |
||
| 082 | 0 | 4 |
_aم _b929.1 _bق ق |
| 100 | 1 | _aالقلقشندى : أحمد بن على بن احمد الفزارى | |
| 245 | 1 | 0 |
_aقلائد الجمان فى التعريف بقبائل عرب الزمان / _cالقلقشندى : أحمد بن على بن احمد الفزارى |
| 260 |
_a[S.N] : _bدار الكتاب اللبنانى |
||
| 300 | _a260 ص | ||
| 490 |
_aشكاوى المصرى الفصيح _v0 |
||
| 650 | 0 | 4 | _aالعلم |
| 650 | 0 | 4 | _aالجاهلية |
| 650 | 0 | 4 | _aالانساب العربية |
| 650 | 0 | 4 | _aالقبائل العربية |
| 650 | 0 | 4 | _aالقبائل |
| 650 | 0 | 4 | _aالانساب |
| 942 |
_2ddc _cREF |
||
| 999 |
_c59411 _d59411 |
||